Le football pour les nuls. - Statistiques

Statistiques générales
  • Ce quiz a été pris 495 fois
  • Le résultat moyen est 19 sur 20
Statistiques - réponses
Question Réponse % Correct
Comment s'appelle le seul joueur qui peut le faire ? Gardien de but
100%
Avec quelle partie du corps la plupart des joueurs ne peuvent-t-ils pas toucher la balle ? Main
100%
Quelle compétition fait s'opposer les meilleures nations européennes ? Euro
99%
Quel joueur argentin, qui a marqué l'histoire du FC Barcelone, en a remporté le plus ? Lionel Messi
99%
Quelle fameuse récompense est attribuée au meilleur footballeur de l'année ? Ballon d'or
98%
Sur quel continent se tient la Ligue des Champions de l'UEFA ? Europe
98%
De quelle pays l'équipe est-elle surnommée la Mannschaft ? Allemagne
97%
Quel objet l'arbitre utilise-t-il pour exclure définitivement un joueur ? Carton rouge
97%
Quel joueur est surnommé "CR7" ? Cristiano Ronaldo
97%
Quelle équipe a remportée la Coupe du monde 1998 ? France
97%
Combien de joueurs chaque équipe aligne-t-elle sur le terrain ? Onze
97%
Combien y a-t-il de mi-temps dans un match de football ? Deux
96%
Comment sont appelés les joueurs de champ les plus proches des buts, chargés d'empêcher l'adversaires d'en approcher ? Défenseurs
95%
Quel coup est accordé lorsqu’un joueur commet une faute dans sa propre surface de réparation ? Penalty
95%
Quelle équipe jouant en jaune et bleu a remporté 5 fois la Coupe du monde ? Brésil
94%
Et lorsqu'elle n'est pas commise dans la surface de réparation ? Coup franc
94%
Que se passe-t-il si un joueur est en position illicite devant la défense au moment de la passe ? Hors-jeu
93%
Quelle équipe a remporté la dernière ? Paris Saint Germain
93%
Sous quel acronyme est connue la fédération internationale de football ? FIFA
92%
Comment s'appelle le championnat de France de football ? Ligue 1
90%
Aucun quiz correspondant
Distribution des résultats
% des personnes avec chaque résultat
Percentile par nombre de réponses
Votre historique - résultats
Vous n’avez pas pris ce quiz